La desamortització dels béns de l'Església a la Província de Tarragona (1835 - 1845)
| Main Author: | |
|---|---|
| Format: | Print Book |
| Language: | Spanish |
| Subito Delivery Service: | Order now. |
| Check availability: | HBZ Gateway |
| WorldCat: | WorldCat |
| Interlibrary Loan: | Interlibrary Loan for the Fachinformationsdienste (Specialized Information Services in Germany) |
| Published: |
Tarragona
Exma. Diputació Provincial
1979
|
| In: |
Publicació / Institut d'Estudis Tarraconenses Ramon Berenguer IV, Secció d'Arqueologia i Història (41)
Year: 1979 |
| Series/Journal: | Publicació / Institut d'Estudis Tarraconenses Ramon Berenguer IV, Secció d'Arqueologia i Història
41 |
| Further subjects: | B
Holy See (motif)
B Provinz Tarragona |
MARC
| LEADER | 00000cam a22000002c 4500 | ||
|---|---|---|---|
| 001 | 1097687848 | ||
| 003 | DE-627 | ||
| 005 | 20251224220758.0 | ||
| 007 | tu | ||
| 008 | 920319s1979 xx ||||| 00| ||spa c | ||
| 035 | |a (DE-627)1097687848 | ||
| 035 | |a (DE-576)027687848 | ||
| 035 | |a (DE-599)BSZ027687848 | ||
| 035 | |a (OCoLC)07171523 | ||
| 040 | |a DE-627 |b ger |c DE-627 |e rakwb | ||
| 041 | |a spa | ||
| 082 | 0 | |a 946.73 | |
| 084 | |a 1 |2 ssgn | ||
| 100 | 1 | |8 1\p |0 (DE-588)1057451525 |0 (DE-627)795951779 |0 (DE-576)413409287 |4 aut |a Rovira i Gómez, Salvador-J. |d 1947- | |
| 109 | |a Rovira i Gómez, Salvador-J. 1947- |a Rovira Gómez, Salvador-J. 1947- | ||
| 191 | |a 1 | ||
| 245 | 1 | 3 | |a La desamortització dels béns de l'Església a la Província de Tarragona (1835 - 1845) |c Salvador-J. Rovira i Gómez |
| 264 | 1 | |a Tarragona |b Exma. Diputació Provincial |c 1979 | |
| 300 | |a 426 S. | ||
| 336 | |a Text |b txt |2 rdacontent | ||
| 337 | |a ohne Hilfsmittel zu benutzen |b n |2 rdamedia | ||
| 338 | |a Band |b nc |2 rdacarrier | ||
| 490 | 1 | |a Publicació / Institut d'Estudis Tarraconenses Ramon Berenguer IV, Secció d'Arqueologia i Història |v 41 | |
| 583 | 1 | |a Archivierung prüfen |c 20200919 |f DE-640 |z 1 |2 pdager | |
| 583 | 1 | |a Archivierung/Langzeitarchivierung gewährleistet |f SSG |x XA-DE-BW |2 pdager |5 DE-21 | |
| 601 | |a Tarragona | ||
| 610 | 2 | 7 | |0 (DE-588)2009545-4 |0 (DE-627)101659261 |0 (DE-576)191644501 |a Katholische Kirche |2 gnd |
| 651 | 7 | |0 (DE-588)4461704-5 |0 (DE-627)23075841X |0 (DE-576)21267840X |a Provinz Tarragona |2 gnd | |
| 810 | 2 | |a Instituto de Estudios Tarraconenses "Ramón Berenguer IV" |b Secció d'Arqueologia i Història |t Publicació / Institut d'Estudis Tarraconenses Ramon Berenguer IV, Secció d'Arqueologia i Història |v 41 |9 41 |w (DE-627)166263427 |w (DE-576)014606887 |w (DE-600)137647-0 |7 am | |
| 883 | |8 1\p |a cgwrk |d 20241001 |q DE-101 |u https://d-nb.info/provenance/plan#cgwrk | ||
| 935 | |a mteo | ||
| 951 | |a BO | ||
| ELC | |b 1 | ||
| ITA | |a 1 |t 1 | ||
| LOK | |0 000 xxxxxcx a22 zn 4500 | ||
| LOK | |0 001 2181972168 | ||
| LOK | |0 003 DE-627 | ||
| LOK | |0 004 1097687848 | ||
| LOK | |0 005 20090703161333 | ||
| LOK | |0 008 920319||||||||||||||||ger||||||| | ||
| LOK | |0 040 |a DE-21 |c DE-627 |d DE-21 | ||
| LOK | |0 852 |a DE-21 | ||
| LOK | |0 852 1 |c 24 A 10415 |9 00 | ||
| LOK | |0 935 |a kram |a konv |a theo |a sepp | ||
| LOK | |0 939 |a 19-03-92 |b l01 | ||
| ORI | |a SA-MARC-ixtheoa001.raw | ||
| REL | |a 1 | ||
| STA | 0 | 0 | |a Holy See (motif),Catholic church,Catholic Church,Catholic Church,Former pilgrimage church Saint Ottilia |
| STB | 0 | 0 | |a Saint-Siège (motif),Église catholique,Église catholique |
| STC | 0 | 0 | |a Movimiento juvenil católico |
| STD | 0 | 0 | |a Chiesa cattolica |
| STE | 0 | 0 | |a 天主教会,罗马公教 |
| STF | 0 | 0 | |a 天主教會,羅馬公教 |
| STG | 0 | 0 | |a Igreja católica |
| STH | 0 | 0 | |a Католическая церковь (мотив) |
| STI | 0 | 0 | |a Καθολική Εκκλησία (μοτίβο) |
| SUB | |a REL | ||
| SYB | 0 | 0 | |a Katolikus Egyház,RCC,Katoličeskaj Cerkovʹ,Katoličke Cerkve,Katolska Cyrkej,Katolske Kirke,Ecclesia Catholica,Igreja Católica,Römisch-Katholische Kirche,Katholikē Ekklēsia,Catholic Church,Roman Catholic Church,Eglise Catholique,Eglise Catholique Romaine,Chiesa Cattolica,Katholieke Kerk,Iglesia Católica,Katolické Církve,Kościoł Katolicki,Katoličke Crkve,Eglise catholique romaine,Chiesa cattolica romana,Roman catholic Church,Eglise catholique,Römische Kirche , Eglise catholique,Roman Catholic Church,Catholic Church , Ehemalige Wallfahrtskirche Sankt Ottilia |
| SYF | 0 | 0 | |a Camp de Tarragona,Tarragona,Tarragona,Diputación,Tarragona |



